El Salvador: la paz esperada

Guardat en:
Dades bibliogràfiques
Format: Text
Etiquetes: Afegir etiqueta
Sense etiquetes, Sigues el primer a etiquetar aquest registre!

MARC

LEADER 00000 a a2200000 04500
001 1435
003
040
245 |a El Salvador:   |b la paz esperada  
773 |g número 82; páginas 2  
999 |c 25568  |d 25568